| 000 | 01736cad a22002535a 4500 | ||
|---|---|---|---|
| 001 | L149332 | ||
| 008 | 100219s20100216xxkd f s f000 0 eng d | ||
| 020 | _a9781409822554 | ||
| 035 | _a(Sirsi) u149332 | ||
| 041 | 0 | _aeng | |
| 050 | 0 | 4 | _a333.33 $2 18 |
| 110 | 1 |
_aUnited Kingdom _bDepartment for Communities and Local Government _94939 |
|
| 245 | 0 | 0 |
_aHouse price index _bDecember 2009 _h[electronic resource] |
| 260 |
_aLondon _bDCLG _c2010 |
||
| 490 | 0 |
_aDCLG House Price Index _vDecember 2009 |
|
| 520 | _aFinds that UK house prices have increased by 2.9% since December 2008 and 0.8% higher than in November 2009. The mix-adjusted average house price was £200 307 in December 2009 (not seasonally adjusted). UK house prices rose by 2.9% in the quarter ending December 2009 compared with a larger rise of 3.1% in the quarter ending September 2009 (seasonally adjusted). Annual average house prices rose by 3% in England, 3.8% in Scotland and 1% in Wales but fell in Northern Ireland by 6%. Annual average house prices paid by first time buyers in December 2009 were 6.8% higher than a year ago. By comparison average house prices paid by former owner occupiers were 1.4% higher. Annual average house prices paid for new properties in December 2009 were 1.5% lower than a year ago. By comparison average house prices paid on pre-owned dwellings were 3.2% higher. | ||
| 521 | _aAdvanced | ||
| 590 | _aKA NTK | ||
| 650 | 2 | 4 | _aDCLG HOUSE PRICE INDEX |
| 651 | 4 |
_aUnited Kingdom _y |
|
| 690 | _aPROPERTY-RESIDENTIAL PROPERTY-RESIDENTIAL PROPERTY MARKET | ||
| 856 | 4 | 0 |
_uhttps://www.communities.gov.uk/publications/corporate/statistics/hpi122009 _zView this online document free of charge at www.communities.gov.uk... |
| 942 | _n0 | ||
| 999 |
_c110467 _d110467 |
||